00832nam a2200205 a 450000100100000000500170001000800410002704000250006808200180009310000400011124500440015126000450019530000350024060000480027591000390032304900090036295201160037195201220048799900170060900001218320200929162731.0091106s1994 dr ac 001 0 spa d aDO-SdBNPbspacBNPHU a920.72bD542d1 aDíaz, Sonia Esther,d1955-92878913aLa dama de miel /cSonia Esther Díaz. aSanto Domingo :bEditorial Gente,c1994. a72 p. :bil., retrs. ;c22 cm.14aBALAGUER DE VALLEJO, EMA,d1919-1992928790 aValidado. Control de calidad BNPHU aBNPD 0010718PDaPDbPDcHDd2009-11-06iLF1l0o920.72 D542dp12183-10r2020-06-25w2020-06-25yLFPDZNo se presta 0010718PDaPDbPDcHDd2009-11-06iLF1l0o920.72 D542dp12183-20r2020-06-25te. 2w2020-06-25yLFPDZNo se presta c11848d11848